عرض عادي
عرض مارك
- جابر، عبد المطلب يوسف
مدخل إسم شخص
001 - رقم الضبط
- حقل الضبط: 112802
003 - معرف رقم الضبط
- حقل الضبط: OSt
005 - تاريخ ووقت أخر عملية
- حقل الضبط: 20221204153735.0
008 - عناصر بيانات ثابتة الطول
- حقل تحكم ثابت الطول: 221204|| aca||aabn | a|a d
040 ## - مصدر الفهرسة
- هيئة الفهرسة الأصلية: OSt
- وكالة الكتابة: OSt
100 ## - مدخل -- أسم شخص
- إسم شخص: جابر، عبد المطلب يوسف
670 ## - بيانات المصدر موجوده
- الاستشهاد بالمصدر: Work cat.: (OSt)84887: كورنفورد، جيمس ر. 112793, إنزال الجامعة على خط الإنترنت :, 2010
